000 00683nam a2200289Ia 4500
005 20260324135515.0
008 008 260324s9999 xx 000 0 eng d
020 _a9781003551362
037 _aEBOOK
040 _aCRL
040 _beng
040 _cCRL
041 _2eng
041 _aeng
084 _qCRL
100 _aMark Goldie
_91200880
245 4 _aThe Reception of Locke's Politics Vol 6
245 0 _bFrom the 1690s to the 1830s
260 _bTaylor and Francis
260 _c2000
365 _a
365 _b230
856 _uhttp://www.taylorfrancis.com/books/9781003551362
942 _cEBOOK
999 _c1801986
_d1801986